000 00976 a2200241 4500
005 20080924111043.0
008 080924t xxu||||| |||| 00| 0 eng d
010 _aENG-91109
020 _a9788189915926
_c780.00
035 _aEN-74642
037 _bDBAD / PUB
040 _adpl
_bEnglish
082 _a338.915
245 _aEconomic cooperation and Asian countries /
_cedited by Prankrishna Pal
260 _aNew Delhi
_bRegal Publications
_c2008
270 _aF-159, Rajouri Garden
_bNew Delhi
_e110 027
_k011-45546396
_mregalbookspub@yahoo.com
300 _axviii, 230 p.
_c23 cm. (Hb.)
500 _aIncludes bibliographical references and index
650 _aInternational economic relations
_zAsia
700 _aPal, Prankrishna
942 _adpl
_cEN
_2ddc
_mECO
_h338.915
999 _c16173
_d16173